00833nam a2200193Ia 4500001001100000003001000011008004100021040002500062041001300087100002100100245002400121250001100145260006300156300002800219500012600247501011400373520012600487650002600613L871-37779IT-CnALBA170116s9999||||xx |||||||||||||| ||und|| aIT-CnALBAcIT-CnALBA aITALIANO aCESARE C. GIULIO 0aLA GUERRA GALLICA.  a1a ed. a BOLOGNAbZANICHELLI NICOLA, EDITORE c1969 [1° Ed.:1969] a451 p. (prefazione: 23) aTESTO LATINO CON TRADUZIONE ITALIANA A FRONTE DI LIPPARINI G. INTRODUZIONE. LIBRO PRIMO OTTAVO. NOTE. INDICE ONOMASTICO.  aSocietà San Paolo EM - Piazza San Paolo, 14 - 12051 ALBA (CN) (non commercial uses only) ® Copyright 2017 aTESTO LATINO CON TRADUZIONE ITALIANA A FRONTE DI LIPPARINI G. INTRODUZIONE. LIBRO PRIMO OTTAVO. NOTE. INDICE ONOMASTICO.  aPROSE E POESIA LATINA